• 首页
  • 本馆介绍
  • 公告通知
  • 最新文献
  • 馆藏检索
  • 电子资源
  • 读者导购
  • 参考咨询
  • 我的图书馆
  • 登录
  • 详细信息显示
  • 放入我的书架
  • 预约/预借图书
  • 作者相关作品
  • 分类相关作品
  • 丛书相关作品
  • 出版社相关作品

书目信息

  • 表格格式
  • 工作单格式
  • 卡片格式
题名:
果品蔬菜贮藏加工实用技术
    
 
作者: 王颉 , 王颉 编著
分册:  
出版信息: 北京   地震出版社  1998
页数: 101页
开本: 19cm
丛书名: 农村致富丛书
单 册:
中图分类: S660.9
科图分类:
主题词: 蔬菜加工 , 水果加工 , 食品贮藏--蔬菜 , 蔬菜--食品贮藏 , 食品贮藏--水果 , 水果--食品贮藏
电子资源:
ISBN: 7-5028-1464-7
000 01140nam0 2200385 450
000 01105nam0 2200373 450
000 01068nam0 2200361 450
000 00981nam0 2200349 450
000 00944nam0 2200337 450
000 00878oam2 2200313 450
001 0104000024
005 20061101150300.15
010    @a7-5028-1464-7@dCNY5.00
100    @a20051124d1998 em y0chiy0110 ea
101 0  @achi
102    @aCN@b110000
105    @ay z 000yy
200 1  @a果品蔬菜贮藏加工实用技术@Aguo pin shu cai zhu cang jia gong shi yong ji shu@f王颉等编著@Fwang jie deng bian zhu
210    @a北京@c地震出版社@d1998
215    @a101页@d19cm
225 2  @a农村致富丛书
461  0 @12001 @a农村致富丛书
606 0  @a蔬菜加工
606 0  @a水果加工
606 0  @a食品贮藏@x蔬菜
606 0  @a蔬菜@x食品贮藏
606 0  @a食品贮藏@x水果
606 0  @a水果@x食品贮藏
690    @aS660.9@v4
701  0 @a王颉@9wang jie@4编著
701  0 @a王颉@Awang jie@4编著
801  0 @aCN@b北京荣雅伟业图书经销中心@c20061101
905    @aBZT@dS660.9@e1
906    @dCNY5.00@n0@r1
    
    果品蔬菜贮藏加工实用技术/王颉等编著.-北京:地震出版社,1998
    101页;19cm.-(农村致富丛书)
    
    
    ISBN 7-5028-1464-7:CNY5.00
    
●
相关链接 在五车中查询图书 在当当中查询图书 在豆瓣中查询图书


正题名:果品蔬菜贮藏加工实用技术     索取号:S660.9/1         预约/预借

序号 登录号 条形码 馆藏地/架位号 状态 备注
1 517098   230086489   中心书库中库/ 中库032架B面8列3层41/ [索取号:S660.9/1] 在馆    
2 517099   230086491   中心书库中库/ 中库032架B面8列3层42/ [索取号:S660.9/1] 在馆    
3 517100   230086493   中心书库中库/ 中库032架B面8列3层39/ [索取号:S660.9/1] 在馆    
4 517101   230086495   中心书库中库/ 中库032架B面8列3层40/ [索取号:S660.9/1] 在馆    
山东省滨州职业学院图书馆 欢迎您!
大连网信软件有限公司© 版权所有